|
|
|
|
| LEADER |
00922nam a22001937a 4500 |
| 005 |
20230626230446.0 |
| 100 |
|
|
|a GONÇALVES, Letícia.
|9 39875
|
| 245 |
|
|
|a Casagrande: Mudanças vão acontecer sempre.
|b Mas governador negou que haja conversas para levar o PSDB para alguma secretaria.
|
| 500 |
|
|
|a Os artigos de jornais digitalizados encontram-se disponíveis na biblioteca.
|
| 510 |
|
|
|a A Gazeta,
|b Vitória=-ES,
|c 20/10/2011, p. 23, c. 1,2,3,4, 5 e 6.
|
| 650 |
|
0 |
|a IJSN
|9 358
|
| 650 |
|
0 |
|a MUDANÇA POLÍTICA
|9 6871
|
| 650 |
|
0 |
|a GOVERNO
|9 356
|
| 650 |
|
0 |
|a PARTIDOS POLÍTICOS
|9 619
|
| 650 |
|
0 |
|a ESPÍRITO SANTO-ESTADO
|9 44958
|
| 856 |
|
|
|u /ConteudoDigital/20160726_aj04544_ijsn9.pdf
|
| 942 |
|
|
|c AJ
|
| 952 |
|
|
|0 0
|1 0
|3 Jornal
|4 0
|5 0
|6 AJ_04544_000000000000000
|7 0
|9 325494
|a BIBLIO
|b BIBLIO
|c Jornal
|d 2014-09-26
|e Digital
|l 0
|o AJ04544
|p 325473
|r 2014-09-26 00:00:00
|w 2014-09-26
|y AJ
|6 AJ_04544_000000000000000
|w 2014-09-26
|
| 999 |
|
|
|c 321266
|d 321266
|